00000000nam##2200000za#4500
0019.537301
003CaOODSP
00520210305160111
007ta
008150406|2002||||xxc|||||     f|0| 0 fre|d
040 |aCaOODSP|bfre
041 |aeng
041 |afre
043 |an-cn---
0861 |aYB372-5/1
1101 |aCanada. |bParlement. |bSénat.
24510|aLoi sur la Journée de la fête nationale des Acadiens et des Acadiennes : |b(Loi instituant la Journée de la fête nationale des Acadiens et des Acadiennes) / |cL'honorable sénateur Comeau.
260 |bSénat |cPremière lecture le 2 octobre 2002.
300 |a1p. ; |c28 cm.
4901 |aSénat du Canada, projet de loi|vS-5
563 |aPolycopié
590 |a02-43|b2002-10-25
7760#|tAn Act respecting a National Acadian Day|w(CaOODSP)9.582201
791 |tNational Acadian Day Act : |eeng|w(CaOODSP)9.537300
830#0|aSénat du Canada, projet de loi ;|vS-5|w(CaOODSP)9.510779